Ayer y hoy (Record no. 156146)

MARC details
000 -LEADER
campo de control de longitud fija 00860nam a2200205 i 4500
001 - NÚMERO DE CONTROL
campo de control 156146
003 - IDENTIFICADOR DE NÚMERO DE CONTROL
campo de control ES-MaACL
005 - FECHA Y HORA DE LA ÚLTIMA TRANSACCIÓN
campo de control 20251017063107.0
008 - DATOS DE LONGITUD FIJA--INFORMACIÓN GENERAL
campo de control de longitud fija 020418s1888 sp |||| | spa d
040 ## - FUENTE DE CATALOGACIÓN
Centro catalogador/agencia de origen CAM
Lengua de catalogación spa
Centro/agencia transcriptor CAM
100 1# - ENTRADA PRINCIPAL--NOMBRE DE PERSONA
Nombre de persona Jackson Cortés, Eduardo,
Fechas asociadas al nombre 1826-1890
9 (RLIN) 128236
245 10 - MENCIÓN DEL TÍTULO
Título Ayer y hoy
Resto del título : juguete cómico-lírico en un acto y en verso /
Mención de responsabilidad, etc. original de Eduardo Jackson Cortés; música del maestro Angel Rubio.
260 ## - PUBLICACIÓN, DISTRIBUCIÓN, ETC.
Lugar de publicación, distribución, etc. Madrid :
Nombre del editor, distribuidor, etc. [s.n.],
Fecha de publicación, distribución, etc. 1888 (
Fabricante Imprenta de M.P. Montoya)
300 ## - DESCRIPCIÓN FÍSICA
Extensión 32 p. ;
Dimensiones 20 cm.
500 ## - NOTA GENERAL
Nota general Estrenado en el Teatro Martin el 1º de octubre de 1888.
596 ## - NOTA AL PIE DE IMPRENTA
NOTA AL PIE DE IMPRENTA En verso de la port. consta: "... Biblioteca Lírico Dramática de Enrique Arregui ..."
700 0# - ENTRADA AGREGADA--NOMBRE PERSONAL
Nombre de persona Rubio, Angel.
9 (RLIN) 100337
852 ## - LOCALIZACIÓN
Ubicación ES-MaACL
Número de control de estantería F-4677
Nota libre -- Enc. hol.
-- -- Enc. en un vol. facticio
Holdings
Estatus retirado Estado de pérdida Estado de daño No para préstamo Colección Biblioteca de origen Biblioteca actual Ubicación en estantería Fecha de adquisición Fuente de adquisición Total de préstamos Signatura topográfica completa Código de barras Visto por última vez Precio de reemplazo Tipo de ítem Koha
        Libros del s. XIX Biblioteca del Ateneo de Madrid Biblioteca del Ateneo de Madrid Depósito 2 17/01/2008     F-4677 1163358 23/02/2023 23/02/2023 Libro impreso antiguo